| 000 | 01382nam0a22003251 4500 | ||
|---|---|---|---|
| 001 | RU\NLR\INFOCOMM_116\5000052422 | ||
| 005 | 20250613090005.0 | ||
| 035 | _a(NLR Aleph) 009048408 | ||
| 090 |
_a9567665 _c9567665 |
||
| 100 | _a20080830d1972 |||y0rusy50 ca | ||
| 101 | 1 |
_afre _crus |
|
| 102 | _aRU | ||
| 105 | _aa j 000zy | ||
| 200 | 1 |
_aGroupes électrogènes mobiles _emanuel à l'usage des conducteurs-électriciens _fpar A. Alexeiev, E. Tchekmenev _g[trad. du russe par V. Tsarégradski] |
|
| 210 |
_aΜ. _cÉcole supérieure _d[1972] |
||
| 215 |
_a104 с. _cил. _d22 см |
||
| 300 | _aНа пер. авт. не указаны | ||
| 300 | _aНа доп. тит. л. авт. и загл. на рус. яз.: А. П. Алексеев, Е. Е. Чекменев. Учебное пособие по подготовке шофера-электромеханика | ||
| 517 | 1 | _aУчебное пособие по подготовке шофера-электромеханика | |
| 686 |
_aТ7-1140(З375я75) _2rubbk |
||
| 700 | 1 |
_9z01790 _aAlekseev _bA. P. _gAleksandr Petrovič _4070 |
|
| 701 | 1 |
_9z02790 _aČekmenev _bE. E. _gEvgenij Egorovič _4070 |
|
| 790 | 1 |
_9z01700 _aAlexeiev _bA. _4070 |
|
| 790 | 1 |
_9z02701 _aTchekmenev _bE. _4070 |
|
| 801 | 1 |
_aRU _bNLR _c20080830 |
|
| 801 | 0 |
_aRU _bNLR _gPSBO |
|
| 852 |
_aNLR _jТ21 Д-5/59 |
||
| 942 | _cBOOK | ||
| 980 | _aNB | ||